| 000 | 00793nam a22001577a 4500 | ||
|---|---|---|---|
| 003 | OSt | ||
| 005 | 20151005090044.0 | ||
| 008 | 151005b xxu||||| |||| 00| 0 eng d | ||
| 040 | _cRUA | ||
| 082 | _aAVM CHE 2004 B074 Or.1 | ||
| 100 |
_92018 _aCHENG, THEARITH. |
||
| 245 | _aeffecet of wheat bran on growth rate of broiler at royal university of agriculture (ឥទ្ធិពលនៃការប្រើប្រាស់កន្ទក់ស្រូវសាឡី ទៅលើការលូតលាស់របស់មាន់សាច់ នៅស្ថានីយចិញ្ចឹមសាត្វនៃសាកលវិទ្យាល័យភូមិន្ទកសិកម្ម) | ||
| 260 |
_aPhnom Penh _bRUA _c2004 |
||
| 300 |
_aix, 34p. _bill. _c29cm. |
||
| 942 |
_2ddc _cAVM |
||
| 999 |
_c1906 _d1906 |
||